Kabale University Library Catalogue

Cytopathology / (Record no. 5687)

MARC details
000 -LEADER
fixed length control field 00665cam a2200205 i 4500
005 - DATE AND TIME OF LATEST TRANSACTION
control field 20250624102311.0
008 - FIXED-LENGTH DATA ELEMENTS--GENERAL INFORMATION
fixed length control field 171107s2018 enka b 001 0 eng
020 ## - INTERNATIONAL STANDARD BOOK NUMBER
International Standard Book Number 9780198717362 (pbk.)
040 ## - CATALOGING SOURCE
Original cataloging agency KABLIB
Language of cataloging eng
Description conventions rda
Transcribing agency KABLIB
082 00 - DEWEY DECIMAL CLASSIFICATION NUMBER
Classification number 616.07
Edition number 23
Item number CYT
245 00 - TITLE STATEMENT
Title Cytopathology /
Statement of responsibility, etc. Behdad Shambayati (Editor)
250 ## - EDITION STATEMENT
Edition statement 2nd ed.
260 ## - PUBLICATION, DISTRIBUTION, ETC.
Place of publication, distribution, etc. Oxford :
Name of publisher, distributor, etc. Oxford University Press,
Date of publication, distribution, etc. c2018
300 ## - PHYSICAL DESCRIPTION
Extent xxi, 581 p. :
Other physical details col. ill. ;
Dimensions 25 cm.
490 0# - SERIES STATEMENT
Series statement Fundamentals of biomedical science
500 ## - GENERAL NOTE
General note Includes glossary, references, index.
650 #0 - SUBJECT ADDED ENTRY--TOPICAL TERM
Topical term or geographic name entry element Pathology, Cellular.
9 (RLIN) 14395
700 1# - ADDED ENTRY--PERSONAL NAME
Personal name Shambayati, Behdad,
Relator term editor.
9 (RLIN) 14396
942 ## - ADDED ENTRY ELEMENTS (KOHA)
Source of classification or shelving scheme Dewey Decimal Classification
Koha item type Book
Holdings
Withdrawn status Lost status Source of classification or shelving scheme Damaged status Not for loan Home library Current library Shelving location Date acquired Source of acquisition Total Checkouts Full call number Barcode Date last seen Price effective from Koha item type
    Dewey Decimal Classification     School of Medicine Library School of Medicine Library Open Access Section 24.06.2025 Purchased   611.01815 CYT 13801 24.06.2025 24.06.2025 Book
    Dewey Decimal Classification     School of Medicine Library School of Medicine Library Open Access Section 24.06.2025 Purchased   611.01815 CYT 13802 24.06.2025 24.06.2025 Book
    Dewey Decimal Classification     School of Medicine Library School of Medicine Library Open Access Section 24.06.2025 Purchased   611.01815 CYT 13803 24.06.2025 24.06.2025 Book

Kabale University Library | Kabale University P.O Box 317, Kabale, Uganda
Tel : +256754017033, +256774661503 E-mail : library@kab.ac.ug